000 00940nam a2200253 a 4500
001 75884
003 BD-RjUL
005 20211209082746.0
008 190827s1988 ii 000 0 |bend
020 _c: IRs. 80.00
035 _a(BD-RjUL)76103
040 _aBD-RjUL
_cBD-RjUL
_bben
041 _aben
082 _223
_a954.14
_bMAB 1988
100 1 _aমজুমদার, রমেশচন্দ্র
_9232745
245 1 0 _aবাংলা দেশের ইতিহাস /
_cরমেশচন্দ্র মজুমদার
250 _a৮ম সং.
260 _aকলিকাতা :
_bজেনারেল পাবলিশার্স,
_c১৯৮৮
300 _a খণ্ড : ;
_c২১ সেমি.
505 _aখণ্ড ১, [প্রাচীন যুগ] ---
650 _aবাংলাদেশ
_vইতিহাস
_9117208
650 _aBangladesh
_vHistory
_9117209
942 _2ddc
_cBK
999 _c75884
_d75884